000 00572cam a2200229 4500
001 J1749
008 090401t1993 xxu||||| |||| 00| 0 eng d
035 _a(Sirsi) u45335
041 _aeng
050 _a711.78
110 _aChesterton
_92357
245 _aAirport retailing: the growth of a new high street.
260 _aLondon
_bChesterton
_c1993
300 _a16p. ; 30cm.
350 _a0
650 _aAIRPORTS
650 _aFLOORSPACE
650 _aSHOPPING
690 _aPROPERTY-COMMERCIAL PROPERTY-RETAIL PROPERTY
942 _n0
948 _c04/03/1997
999 _c91691
_d91691